000 00752nam a2200253Ia 4500
003 GCL
008 140319s9999 xx 000 0 ara d
020 _a4198345977
040 _aGCL /
_cGCL
082 0 4 _aط
_b372.52
_bق ح
100 1 _aمحمد عيد
245 1 0 _aالحيوانات /
_cمحمد عيد
700 1 _aداليا عبدالناصر
250 _aالثانية
260 _aالقاهرة :
_bدار الفاروق للنشر والتوزيع ،
_c2004
300 _a ؛
_c22 سم
490 _aهيا بنا نلون
_v0
650 0 4 _aالاطفال
650 0 4 _aالرسم
650 0 4 _aالتلوين
650 0 4 _aالرسم بالالوان
650 0 4 _aالرسم - تعليم وتدريس
942 _2ddc
_cBK
999 _c8284
_d8284